[Event "XXXVIII Torneo Internacional de Ajedrez"]
[Site "La Roda (Albacete) - ESPAÑA"]
[Date "2011.??.??"]
[Round "1.1"]
[White "Burmakin, Vladimir"]
[Black "Gil Quilez, Sonia"]
[Result "1-0"]
[WhiteElo "2594"]
[BlackElo "2030"]
[PlyCount "69"]
[EventDate "2011.04.20"]

1. Nf3 d5 2. c4 d4 3. b4 Bg4 4. Qb3 c6 5. Bb2 Bxf3 6. Qxf3 e5 7. Qb3 Nf6 8. g3
Qb6 9. c5 Qc7 10. Bg2 a5 11. a3 Be7 12. e3 dxe3 13. dxe3 O-O 14. O-O Rd8 15.
Nc3 axb4 16. axb4 Na6 17. Na4 Rab8 18. Nb6 Nd7 19. Nc4 Bf6 20. Rfd1 Nf8 21.
Rxd8 Rxd8 22. Nd6 Ne6 23. Qc4 Rf8 24. h4 Nb8 25. Ra7 Nd8 26. Bh3 Nd7 27. Qa2
Be7 28. Nc4 Kh8 29. Qa5 Qxa5 30. Nxa5 Nf6 31. Nxb7 Nd5 32. Nxd8 Bxd8 33. Rb7
Nc7 34. b5 cxb5 35. c6 1-0

[Event "XXXVIII Torneo Internacional de Ajedrez"]
[Site "La Roda (Albacete) - ESPAÑA"]
[Date "2011.??.??"]
[Round "1.2"]
[White "Garcia Ramos, Marcos"]
[Black "Almeida Quintana, Omar"]
[Result "0-1"]
[WhiteElo "2024"]
[BlackElo "2593"]
[PlyCount "90"]
[EventDate "2011.04.20"]

1. e4 g6 2. d4 Bg7 3. Nc3 d6 4. Be3 a6 5. Qd2 b5 6. f3 Nd7 7. h4 h5 8. O-O-O
Bb7 9. Nh3 Rc8 10. Kb1 c5 11. dxc5 Nxc5 12. Ng5 Qc7 13. Bd4 Bxd4 14. Qxd4 Nf6
15. Bd3 O-O 16. Nd5 Bxd5 17. exd5 Qb7 18. Be4 Ncd7 19. Rhe1 Rc4 20. Qd2 Nxe4
21. Rxe4 Nf6 22. Rxc4 bxc4 23. Qd4 Rb8 24. b3 Qb4 25. Ne4 Nxe4 26. Qxe4 cxb3
27. axb3 Qxe4 28. fxe4 Rb4 29. Re1 Rd4 30. Kc1 Kg7 31. Re3 Rb4 32. Kb2 a5 33.
c3 Rb7 34. e5 dxe5 35. Rxe5 Kf6 36. Re4 e6 37. dxe6 fxe6 38. b4 Kf5 39. Rc4 e5
40. Kc2 axb4 41. cxb4 e4 42. g3 Rd7 43. Rc5+ Kg4 44. Re5 Kf3 45. b5 e3 0-1

[Event "XXXVIII Torneo Internacional de Ajedrez"]
[Site "La Roda (Albacete) - ESPAÑA"]
[Date "2011.??.??"]
[Round "1.3"]
[White "Korneev, Oleg"]
[Black "Perez Garcia, Jose Miguel"]
[Result "1-0"]
[WhiteElo "2573"]
[BlackElo "2014"]
[PlyCount "37"]
[EventDate "2011.04.20"]

1. e4 c5 2. Nf3 e6 3. d4 cxd4 4. Nxd4 a6 5. Bd3 Nf6 6. O-O Qc7 7. Qe2 d6 8. c4
Nbd7 9. Nc3 Ne5 10. Nf3 Nxd3 11. Qxd3 b6 12. Bf4 e5 13. Bg5 Be6 14. Bxf6 Bxc4
15. Nd5 Bxd3 16. Nxc7+ Kd7 17. Nxa8 Bxf1 18. Kxf1 gxf6 19. Nxb6+ 1-0

[Event "XXXVIII Torneo Internacional de Ajedrez"]
[Site "La Roda (Albacete) - ESPAÑA"]
[Date "2011.??.??"]
[Round "1.4"]
[White "Garcia Roman, Jose Luis Machado"]
[Black "Hernandez Carmenates, Holden"]
[Result "0-1"]
[WhiteElo "2011"]
[BlackElo "2564"]
[PlyCount "82"]
[EventDate "2011.04.20"]

1. e4 c5 2. Nf3 d6 3. d4 cxd4 4. Nxd4 Nf6 5. Nc3 a6 6. Bc4 e6 7. Bb3 b5 8. f3
Be7 9. Be3 O-O 10. Qd2 Bd7 11. O-O-O Nc6 12. g4 Nxd4 13. Bxd4 a5 14. e5 dxe5
15. Bxe5 a4 16. Bxf6 Bxf6 17. Qxd7 Qxd7 18. Rxd7 axb3 19. cxb3 Bxc3 20. bxc3
Rxa2 21. Rhd1 Rxh2 22. R1d2 Rh3 23. R2d3 h5 24. gxh5 Rxh5 25. Kd2 Rc5 26. b4
Rf5 27. Rc7 g5 28. c4 bxc4 29. Rxc4 Rb8 30. Kc3 Kg7 31. Rc5 Kg6 32. Rxf5 Kxf5
33. Kc4 Rc8+ 34. Kb5 Kf4 35. Kb6 e5 36. Rb3 f5 37. b5 e4 38. fxe4 fxe4 39. Kb7
Re8 40. b6 e3 41. Rb4+ Kf3 0-1

[Event "XXXVIII Torneo Internacional de Ajedrez"]
[Site "La Roda (Albacete) - ESPAÑA"]
[Date "2011.??.??"]
[Round "1.5"]
[White "Ibarra Jerez, Jose Carlos"]
[Black "Baeza Escudero, Javier"]
[Result "1-0"]
[WhiteElo "2522"]
[BlackElo "2010"]
[PlyCount "61"]
[EventDate "2011.04.20"]

1. e4 e5 2. Nf3 Nc6 3. Bb5 a6 4. Bxc6 dxc6 5. O-O Bg4 6. h3 h5 7. d3 Qf6 8.
Nbd2 Ne7 9. Re1 Ng6 10. d4 Bxf3 11. Nxf3 Bd6 12. c3 Qe6 13. Ng5 Qd7 14. f4 f6
15. fxe5 Bxe5 16. Nf3 Bg3 17. Rf1 O-O-O 18. Qd3 Rhe8 19. Be3 Qe6 20. Nd2 Bh4
21. Qe2 Rh8 22. Rf5 Rd5 23. Raf1 Bg5 24. Bxg5 fxg5 25. Qc4 Rd6 26. Qxe6+ Rxe6
27. Rxg5 Rh6 28. Rf7 Rh7 29. Nf3 Re7 30. Rxg6 Rxf7 31. Ng5 1-0

[Event "XXXVIII Torneo Internacional de Ajedrez"]
[Site "La Roda (Albacete) - ESPAÑA"]
[Date "2011.??.??"]
[Round "1.6"]
[White "Ojaos Penalver, Abel"]
[Black "Cabrera, Alexis"]
[Result "0-1"]
[WhiteElo "2002"]
[BlackElo "2511"]
[PlyCount "102"]
[EventDate "2011.04.20"]

1. d4 Nf6 2. Nf3 g6 3. Bg5 Bg7 4. Nbd2 d6 5. e4 O-O 6. c3 b6 7. Be2 Bb7 8. Qc2
c5 9. dxc5 bxc5 10. O-O Nbd7 11. Rfe1 Qc7 12. Bf1 Rfe8 13. h3 Rab8 14. Bf4 e5
15. Bh2 d5 16. exd5 Nxd5 17. Rad1 Nf8 18. Nc4 f6 19. Ncxe5 fxe5 20. Bc4 Rbd8
21. Qb3 Qb6 22. Nxe5 Qxb3 23. axb3 Ne6 24. Nd3 Bf8 25. Nf4 Nexf4 26. Rxe8 Rxe8
27. Bxf4 Rd8 28. Ra1 a6 29. Bg5 Rd7 30. Bxa6 Bxa6 31. Rxa6 Rb7 32. Ra8 Nc7 33.
Rc8 Ne6 34. Bh6 Rxb3 35. Bxf8 Nxf8 36. Rxc5 Rxb2 37. c4 Ne6 38. Rc8+ Kf7 39. c5
Rc2 40. c6 h5 41. g3 Nd4 42. g4 Rxc6 43. Rxc6 Nxc6 44. gxh5 gxh5 45. Kg2 Kg6
46. Kg3 Kg5 47. f4+ Kg6 48. Kf3 Kf5 49. Kg3 Nd4 50. Kh4 Kg6 51. Kg3 Ne6 0-1

[Event "XXXVIII Torneo Internacional de Ajedrez"]
[Site "La Roda (Albacete) - ESPAÑA"]
[Date "2011.??.??"]
[Round "1.7"]
[White "Paunovic, Dragan"]
[Black "Gonzalez Berruga, Ana Isabel"]
[Result "1-0"]
[WhiteElo "2504"]
[BlackElo "1995"]
[PlyCount "65"]
[EventDate "2011.04.20"]

1. Nf3 d5 2. c4 c6 3. d4 Nf6 4. Nc3 g6 5. cxd5 Nxd5 6. e4 Nxc3 7. bxc3 Bg7 8.
Bc4 O-O 9. O-O Qc7 10. Be3 Bg4 11. h3 Bxf3 12. Qxf3 Nd7 13. Rac1 a6 14. Rfd1 c5
15. Bf4 Qa5 16. e5 e6 17. Bd3 b5 18. h4 Qxa2 19. Ra1 Qb3 20. Bd2 Ra7 21. Rdb1
Qd5 22. Qxd5 exd5 23. Bxb5 Nb8 24. Ba4 Rc7 25. Rb6 cxd4 26. cxd4 Rc4 27. Be3 a5
28. Bb3 Rb4 29. Rxb4 axb4 30. Bxd5 Rd8 31. Ra8 Bf8 32. Bg5 Re8 33. Ra7 1-0

[Event "XXXVIII Torneo Internacional de Ajedrez"]
[Site "La Roda (Albacete) - ESPAÑA"]
[Date "2011.??.??"]
[Round "1.8"]
[White "Fernandez Seco, Julian"]
[Black "Khamrakulov, Ibragim S"]
[Result "0-1"]
[WhiteElo "1995"]
[BlackElo "2495"]
[PlyCount "67"]
[EventDate "2011.04.20"]

1. e4 c5 2. Nf3 a6 3. Nc3 b5 4. a4 b4 5. Nd5 e6 6. Ne3 d5 7. exd5 exd5 8. d4 c4
9. g3 Nf6 10. Bg2 Be7 11. O-O O-O 12. Ne5 Ra7 13. Re1 Re8 14. Qf3 Be6 15. Nf5
Qc8 16. Bh3 Nc6 17. c3 Nxe5 18. Rxe5 Ne4 19. cxb4 Bf6 20. Rxd5 Qa8 21. Ra5 Ng5
22. Qxa8 Nxh3+ 23. Kg2 Raxa8 24. f4 Bd8 25. Re5 Bc7 26. Rc5 Bb6 27. Re5 g6 28.
Nh6+ Kg7 29. f5 Bxd4 30. Ra5 gxf5 31. Kxh3 Kg6 32. g4 fxg4+ 33. Nxg4 f6 34. Kg3
0-1

[Event "XXXVIII Torneo Internacional de Ajedrez"]
[Site "La Roda (Albacete) - ESPAÑA"]
[Date "2011.??.??"]
[Round "1.10"]
[White "Nicolas Zapata, Javier"]
[Black "Cruz, Cristhian"]
[Result "0-1"]
[WhiteElo "1981"]
[BlackElo "2492"]
[PlyCount "60"]
[EventDate "2011.04.20"]

1. d4 e6 2. c4 f5 3. Nf3 Nf6 4. g3 d5 5. Bg2 c6 6. O-O Bd6 7. Bf4 Bxf4 8. gxf4
O-O 9. Nc3 Ne4 10. e3 Nd7 11. Rc1 Kh8 12. b4 Ndf6 13. Ne5 Nxc3 14. Rxc3 Bd7 15.
a4 Be8 16. Bf3 Rg8 17. Kh1 Nd7 18. b5 Nxe5 19. fxe5 g5 20. cxd5 cxd5 21. Qc2
Bg6 22. Rc7 g4 23. Be2 f4 24. Qc5 Be4+ 25. Kg1 g3 26. Qe7 gxh2+ 27. Kxh2 Rg2+
28. Kh3 Qxe7 29. Rxe7 Rag8 30. Rf7 R2g6 0-1

[Event "XXXVIII Torneo Internacional de Ajedrez"]
[Site "La Roda (Albacete) - ESPAÑA"]
[Date "2011.??.??"]
[Round "1.11"]
[White "Alonso Rosell, Alvar"]
[Black "Ramos Del Campo, Alexander"]
[Result "1-0"]
[WhiteElo "2477"]
[BlackElo "1980"]
[PlyCount "65"]
[EventDate "2011.04.20"]

1. d4 Nf6 2. c4 c5 3. d5 e6 4. Nc3 exd5 5. cxd5 d6 6. e4 g6 7. h3 Bg7 8. Nf3
O-O 9. Bd3 b5 10. O-O a6 11. a3 Re8 12. Re1 Nbd7 13. Bf4 Qb6 14. Qd2 Bb7 15. b4
Rac8 16. Rac1 Nh5 17. Be3 Qd8 18. g4 Nhf6 19. Bf4 Ne5 20. Nxe5 dxe5 21. Be3 c4
22. Be2 Nd7 23. Kg2 Rb8 24. h4 Nb6 25. g5 Bc8 26. Rh1 Bd7 27. h5 Qc8 28. f3 Qc7
29. Qe1 gxh5 30. Rxh5 Qd6 31. Qh4 Qg6 32. Kf2 f6 33. Rg1 1-0

[Event "XXXVIII Torneo Internacional de Ajedrez"]
[Site "La Roda (Albacete) - ESPAÑA"]
[Date "2011.??.??"]
[Round "1.12"]
[White "Sacristan Latorre, Alberto"]
[Black "Larino Nieto, David"]
[Result "0-1"]
[WhiteElo "1969"]
[BlackElo "2475"]
[PlyCount "74"]
[EventDate "2011.04.20"]

1. g4 d5 2. Bg2 c6 3. h3 h5 4. g5 e5 5. d3 Ne7 6. Nf3 Ng6 7. h4 Bg4 8. Nc3 Nd7
9. e4 Bb4 10. O-O Bxc3 11. bxc3 Nxh4 12. Qe2 Nxg2 13. Kxg2 Nf8 14. exd5 Ng6 15.
Qe4 cxd5 16. Qa4+ Bd7 17. Qb4 Bc6 18. d4 a5 19. Qc5 Qd7 20. Nxe5 Nxe5 21. Re1
f6 22. dxe5 d4+ 23. Kh2 O-O-O 24. e6 Qc7+ 25. Kg1 b6 26. Qf5 Rd5 27. Qg6 Re5
28. Bd2 dxc3 29. Be3 Re4 30. Qf5 g6 31. Qxf6 Rg4+ 32. Kf1 Bg2+ 33. Ke2 Qc4+ 34.
Kd1 Rd8+ 35. Kc1 Qb4 36. Qxd8+ Kxd8 37. e7+ Ke8 0-1

[Event "XXXVIII Torneo Internacional de Ajedrez"]
[Site "La Roda (Albacete) - ESPAÑA"]
[Date "2011.??.??"]
[Round "1.13"]
[White "Plaskett, H James"]
[Black "Belinchon Calleja, David"]
[Result "1-0"]
[WhiteElo "2475"]
[BlackElo "1966"]
[PlyCount "41"]
[EventDate "2011.04.20"]

1. e4 e5 2. Nf3 Nf6 3. d4 Nxe4 4. Bd3 d5 5. Nxe5 Bd6 6. O-O O-O 7. Nc3 Nxc3 8.
bxc3 Nd7 9. Re1 Nxe5 10. dxe5 Bc5 11. Qh5 g6 12. Qh6 Re8 13. Bg5 Be7 14. Bf6
Bf8 15. Qg5 Qd7 16. Rab1 c6 17. Rb4 Bg7 18. Bxg7 Kxg7 19. Rh4 Rh8 20. e6 fxe6
21. Bxg6 1-0

[Event "XXXVIII Torneo Internacional de Ajedrez"]
[Site "La Roda (Albacete) - ESPAÑA"]
[Date "2011.??.??"]
[Round "1.14"]
[White "Gonzalez Lopez, Julian"]
[Black "Almagro Llamas, Pablo"]
[Result "0-1"]
[WhiteElo "1963"]
[BlackElo "2472"]
[PlyCount "148"]
[EventDate "2011.04.20"]

1. d4 Nf6 2. c4 e6 3. Nc3 Bb4 4. Bg5 h6 5. Bxf6 Qxf6 6. e3 c5 7. a3 Bxc3+ 8.
bxc3 Nc6 9. Bd3 e5 10. d5 Na5 11. Qc2 b6 12. Nf3 O-O 13. O-O d6 14. Nd2 Qe7 15.
e4 Bd7 16. f3 Qg5 17. Kh1 Ba4 18. Qxa4 Qxd2 19. Qc2 Qxc2 20. Bxc2 Nxc4 21. Bd3
Na5 22. Ba6 f5 23. g3 c4 24. exf5 Rxf5 25. Kg2 Raf8 26. Rae1 R5f7 27. Re4 Rc7
28. Rb1 Rc5 29. Rb5 Rxb5 30. Bxb5 Rc8 31. f4 exf4 32. gxf4 Kf8 33. a4 Rc5 34.
Rd4 Kf7 35. Kf3 Nb3 36. Rd1 Rc7 37. h4 Nc5 38. Rd4 Re7 39. Rxc4 Re1 40. Rb4 Rc1
41. c4 Kf6 42. Rb2 Rc3+ 43. Kg4 Ne4 44. h5 Ng3 45. Bd7 Nf1 46. Re2 Ne3+ 47. Kh4
Ke7 48. Bb5 Kf6 49. Bd7 a5 50. Bc8 Nxc4 51. Re6+ Kf7 52. Bd7 Re3 53. Be8+ Kf8
54. Bc6 Rxe6 55. dxe6 Ke7 56. f5 Ne3 57. Be4 Nd1 58. Kg4 Nc3 59. Bc6 d5 60. Kf4
Kd6 61. Be8 Ne4 62. Bb5 Nf6 63. Be2 d4 64. Bf3 Kc5 65. Ke5 d3 66. e7 d2 67. Ke6
b5 68. Bd1 bxa4 69. Bxa4 Kb4 70. Bd1 a4 71. Kf7 a3 72. Kxg7 a2 73. Kxf6 a1=Q+
74. Kf7 Qxd1 0-1

[Event "XXXVIII Torneo Internacional de Ajedrez"]
[Site "La Roda (Albacete) - ESPAÑA"]
[Date "2011.??.??"]
[Round "1.15"]
[White "Suba, Mihai"]
[Black "Fuertes Romo, Jose Manuel"]
[Result "1-0"]
[WhiteElo "2465"]
[BlackElo "1963"]
[PlyCount "39"]
[EventDate "2011.04.20"]

1. Nc3 Nf6 2. d4 g6 3. e4 d6 4. Bc4 Bg7 5. Qe2 O-O 6. e5 Nfd7 7. e6 fxe6 8.
Bxe6+ Kh8 9. Be3 c5 10. O-O-O Nc6 11. dxc5 Qa5 12. cxd6 exd6 13. Bb3 Nc5 14.
Kb1 Bf5 15. g4 Ne4 16. Nxe4 Bxe4 17. f3 Qe5 18. Bc1 Rxf3 19. Nxf3 Bxc2+ 20.
Qxc2 1-0

[Event "XXXVIII Torneo Internacional de Ajedrez"]
[Site "La Roda (Albacete) - ESPAÑA"]
[Date "2011.??.??"]
[Round "1.16"]
[White "Moya De La Flor, Daniel"]
[Black "Antoli Royo, Joaquin Miguel"]
[Result "0-1"]
[WhiteElo "1961"]
[BlackElo "2435"]
[PlyCount "56"]
[EventDate "2011.04.20"]

1. e4 c5 2. Nf3 Nc6 3. d4 cxd4 4. Nxd4 Qc7 5. Nb5 Qb8 6. Be3 e6 7. N1c3 a6 8.
Nd4 Nf6 9. Be2 b5 10. a3 Bb7 11. O-O Na5 12. b4 Nc4 13. Bxc4 bxc4 14. Qe2 Nxe4
15. Nxe4 Bxe4 16. Qxc4 Bd5 17. Qe2 Qc7 18. Qg4 Bd6 19. c4 Bb7 20. Rfe1 O-O 21.
Bh6 Bxh2+ 22. Kf1 Be5 23. Rxe5 Qxe5 24. Re1 Qf6 25. Bc1 Qg6 26. Qh3 f5 27. Re3
f4 28. Re5 f3 0-1

[Event "XXXVIII Torneo Internacional de Ajedrez"]
[Site "La Roda (Albacete) - ESPAÑA"]
[Date "2011.??.??"]
[Round "1.17"]
[White "Garza Marco, Sergio"]
[Black "Martinez Maestro, Jose Angel"]
[Result "1-0"]
[WhiteElo "2434"]
[BlackElo "1955"]
[PlyCount "73"]
[EventDate "2011.04.20"]

1. d4 Nf6 2. Nf3 g6 3. g3 Bg7 4. Bg2 O-O 5. O-O d6 6. a4 Nbd7 7. a5 a6 8. c3 e5
9. dxe5 Nxe5 10. Nbd2 Rb8 11. h3 Qe7 12. Nd4 Bd7 13. b4 Nc6 14. e4 Nxd4 15.
cxd4 Bb5 16. Re1 Nd7 17. Nf3 c5 18. bxc5 dxc5 19. Bg5 f6 20. Bf4 Rbd8 21. d5
Ne5 22. Nxe5 fxe5 23. Be3 Qd6 24. h4 Rf7 25. Rc1 Rc8 26. Bh3 Bd7 27. Bxd7 Rxd7
28. Rc4 Rdc7 29. h5 Bf6 30. Qg4 Kg7 31. Rb1 Qe7 32. Rb6 Qf7 33. Kg2 Kh8 34.
hxg6 hxg6 35. Rc1 Kg7 36. Bg5 Bxg5 37. Qxg5 1-0

[Event "XXXVIII Torneo Internacional de Ajedrez"]
[Site "La Roda (Albacete) - ESPAÑA"]
[Date "2011.??.??"]
[Round "1.18"]
[White "Gonzalez Pabollet, Jesus Maria"]
[Black "Rojas Keim, Luis"]
[Result "0-1"]
[WhiteElo "1941"]
[BlackElo "2432"]
[PlyCount "76"]
[EventDate "2011.04.20"]

1. Nf3 Nf6 2. c4 e6 3. Nc3 c5 4. d4 cxd4 5. Nxd4 Bb4 6. Ndb5 d5 7. Bf4 Na6 8.
e3 O-O 9. Qc2 Bd7 10. a3 Bxb5 11. cxb5 Bxc3+ 12. bxc3 Nc5 13. Be2 Rc8 14. O-O
Nce4 15. c4 Qa5 16. Be5 dxc4 17. f3 Qxb5 18. Bd4 Nd6 19. Bxa7 Qa6 20. Bd4 Nd5
21. e4 Nf4 22. Rfb1 Nb5 23. Be5 Nxa3 24. Qa2 Nxe2+ 25. Qxe2 Nxb1 26. Rxa6 bxa6
27. Qb2 c3 28. Qxb1 c2 29. Qc1 Rfd8 30. Kf2 f6 31. Bf4 Rd1 32. Qa3 c1=Q 33.
Bxc1 Rdxc1 34. Qxa6 Kf7 35. h4 h5 36. Ke3 R1c2 37. g3 R8c3+ 38. Kf4 e5+ 0-1

[Event "XXXVIII Torneo Internacional de Ajedrez"]
[Site "La Roda (Albacete) - ESPAÑA"]
[Date "2011.??.??"]
[Round "1.19"]
[White "Granero Roca, Antonio"]
[Black "Villena Delgado, Fernando"]
[Result "1-0"]
[WhiteElo "2431"]
[BlackElo "1934"]
[PlyCount "71"]
[EventDate "2011.04.20"]

1. Nf3 Nf6 2. d4 g6 3. c4 Bg7 4. Nc3 d6 5. e4 O-O 6. h3 e5 7. d5 Nh5 8. Nh2 a5
9. g3 Na6 10. Be2 Nf6 11. Ng4 h5 12. Nxf6+ Bxf6 13. h4 Kg7 14. Be3 c6 15. Qd2
Rh8 16. O-O-O Be7 17. f4 f6 18. fxe5 fxe5 19. Rhf1 Bh3 20. Rf2 Qc8 21. Bg5 Bxg5
22. Qxg5 Qd8 23. dxc6 bxc6 24. Qd2 Qb6 25. Rh2 Bg4 26. Bxg4 hxg4 27. Qxd6 Qe3+
28. Kb1 Qc5 29. Qd7+ Kh6 30. h5 Kg5 31. Rh4 Rxh5 32. Qxg4+ Kh6 33. Rxh5+ gxh5
34. Qe6+ Kg5 35. Qf5+ Kh6 36. Qf6+ 1-0

[Event "XXXVIII Torneo Internacional de Ajedrez"]
[Site "La Roda (Albacete) - ESPAÑA"]
[Date "2011.??.??"]
[Round "1.20"]
[White "Pablos Tenrero, Raquel"]
[Black "Anton Guijarro, David"]
[Result "0-1"]
[WhiteElo "1929"]
[BlackElo "2425"]
[PlyCount "50"]
[EventDate "2011.04.20"]

1. e4 c5 2. Nf3 e6 3. d4 cxd4 4. Nxd4 a6 5. Nc3 Qc7 6. g3 Bb4 7. Qd3 Nc6 8.
Nxc6 bxc6 9. Qd4 Bf8 10. Bg2 e5 11. Qe3 Nf6 12. O-O Be7 13. Qf3 d6 14. h3 Rb8
15. Rb1 Nd7 16. Be3 Nf8 17. Rfd1 Ne6 18. Qe2 O-O 19. Qd2 Rd8 20. Kh1 a5 21. Ne2
d5 22. exd5 cxd5 23. c3 Ba6 24. Kh2 d4 25. cxd4 Bb4 0-1

[Event "XXXVIII Torneo Internacional de Ajedrez"]
[Site "La Roda (Albacete) - ESPAÑA"]
[Date "2011.04.21"]
[Round "2.1"]
[White "Adan Bermudez, Sergio"]
[Black "Burmakin, Vladimir"]
[Result "0-1"]
[WhiteElo "2264"]
[BlackElo "2594"]
[PlyCount "148"]
[EventDate "2011.04.20"]

1. c4 Nf6 2. Nc3 c6 3. e4 d6 4. Nge2 Nbd7 5. d3 g6 6. g3 h5 7. h3 e5 8. Be3 d5
9. exd5 cxd5 10. cxd5 Nb6 11. Bg5 Be7 12. d4 Nfxd5 13. Bxe7 Qxe7 14. Nxd5 Nxd5
15. dxe5 Qxe5 16. Bg2 Nf6 17. Qa4+ Bd7 18. Qa3 Qe7 19. Qxe7+ Kxe7 20. Rc1 Rac8
21. O-O b6 22. Nd4 Rhd8 23. Bb7 Rxc1 24. Rxc1 Kf8 25. Nc6 Re8 26. Nxa7 Re2 27.
Bc8 Rxb2 28. Bxd7 Nxd7 29. a4 Ra2 30. Nc8 Rxa4 31. Rc7 Ra1+ 32. Kg2 Rd1 33. Rb7
Rd2 34. Nxb6 Ne5 35. Kg1 g5 36. Ra7 Nd3 37. Rd7 Rd1+ 38. Kg2 g4 39. hxg4 hxg4
40. Rd5 Ke7 41. f4 Ke6 42. f5+ Ke7 43. Kh2 Nb2 44. Re5+ Kf6 45. Rb5 Rd2+ 46.
Kg1 Kg5 47. Kf1 Nd3 48. Rd5 Rf2+ 49. Kg1 Rf3 50. Kh2 Nb4 51. Rb5 Nc2 52. Nc4
Rxf5 53. Rxf5+ Kxf5 54. Kg2 f6 55. Kf2 Ke4 56. Nd6+ Ke5 57. Nc4+ Kd4 58. Nd6
Ne3 59. Nb5+ Kd3 60. Nc7 Nd1+ 61. Kg2 Ke2 62. Ne8 Ne3+ 63. Kg1 f5 64. Ng7 Kf3
65. Nh5 Nd5 66. Ng7 Ne7 67. Nh5 Nc6 68. Ng7 Nd4 69. Nh5 Ne2+ 70. Kh2 Kf2 71.
Nf6 Nc3 72. Nd7 f4 73. gxf4 g3+ 74. Kh3 g2 0-1

[Event "XXXVIII Torneo Internacional de Ajedrez"]
[Site "La Roda (Albacete) - ESPAÑA"]
[Date "2011.04.21"]
[Round "2.2"]
[White "Almeida Quintana, Omar"]
[Black "Pavon Cardenas, Jesus M"]
[Result "1-0"]
[WhiteElo "2593"]
[BlackElo "2248"]
[PlyCount "107"]
[EventDate "2011.04.20"]

1. d4 Nf6 2. c4 e6 3. Nf3 d5 4. Nc3 c6 5. e3 Be7 6. Bd3 O-O 7. O-O dxc4 8. Bxc4
b5 9. Bd3 a6 10. e4 Nbd7 11. Qe2 Re8 12. Rd1 Bb7 13. a3 c5 14. dxc5 Bxc5 15. e5
Ng4 16. Bxh7+ Kxh7 17. Ng5+ Kg8 18. Qxg4 Nxe5 19. Qh5 Qb6 20. Qh7+ Kf8 21. Qh8+
Ke7 22. Qxg7 Bd4 23. Be3 Rg8 24. Qxe5 Bxe5 25. Bxb6 Rxg5 26. g3 Bxc3 27. bxc3
Rc8 28. f4 Rd5 29. Rxd5 Bxd5 30. Bd4 f6 31. Kf2 Rh8 32. h4 Kf7 33. a4 Rb8 34.
axb5 axb5 35. Rb1 Bc4 36. g4 Re8 37. h5 e5 38. fxe5 fxe5 39. Be3 Rg8 40. g5 Rh8
41. Rh1 Kg7 42. Kg3 Bf7 43. h6+ Kh7 44. Rf1 Bg6 45. Rd1 Bf7 46. Rd7 Kg6 47.
Rd6+ Kh5 48. Rb6 Rc8 49. Rxb5 Rxc3 50. Rxe5 Kg6 51. Re7 Rc8 52. Bd4 Re8 53. Rd7
Rf8 54. Kh4 1-0

[Event "XXXVIII Torneo Internacional de Ajedrez"]
[Site "La Roda (Albacete) - ESPAÑA"]
[Date "2011.04.21"]
[Round "2.3"]
[White "Tudela Corbalan, Carlos"]
[Black "Korneev, Oleg"]
[Result "0-1"]
[WhiteElo "2248"]
[BlackElo "2573"]
[PlyCount "50"]
[EventDate "2011.04.20"]

1. e4 c5 2. Nf3 e6 3. d4 cxd4 4. Nxd4 a6 5. Be2 Nf6 6. Bf3 Qc7 7. O-O Be7 8.
Nc3 O-O 9. g4 d6 10. g5 Nfd7 11. Bg2 Nc6 12. Nxc6 bxc6 13. f4 Re8 14. Rf3 Bf8
15. Rh3 g6 16. f5 exf5 17. exf5 d5 18. Qg4 Qb6+ 19. Kf1 a5 20. Nxd5 cxd5 21.
Bxd5 Bb7 22. Qh4 h5 23. Bxb7 Qxb7 24. fxg6 Qh1+ 25. Kf2 Qe1+ 0-1

[Event "XXXVIII Torneo Internacional de Ajedrez"]
[Site "La Roda (Albacete) - ESPAÑA"]
[Date "2011.04.21"]
[Round "2.4"]
[White "Hernandez Carmenates, Holden"]
[Black "Serna Lara, Sergio"]
[Result "1-0"]
[WhiteElo "2564"]
[BlackElo "2247"]
[PlyCount "85"]
[EventDate "2011.04.20"]

1. d4 d5 2. c4 c6 3. Nc3 Nf6 4. e3 a6 5. Nf3 Bf5 6. Bd3 Bxd3 7. Qxd3 e6 8. O-O
Be7 9. e4 dxe4 10. Nxe4 Nbd7 11. Bf4 Nxe4 12. Qxe4 O-O 13. Rad1 Re8 14. Rd3 Rc8
15. Rfd1 Qa5 16. a3 b5 17. c5 Qa4 18. Qe3 Nf6 19. Qc1 Nd5 20. Ne5 f6 21. Nd7 b4
22. Bg3 Qb5 23. Rb3 Qb7 24. Nb6 Nxb6 25. Rxb4 Bd8 26. cxb6 Bxb6 27. Qc5 Bxc5
28. Rxb7 Re7 29. Rxe7 Bxe7 30. Kf1 Kf7 31. Rd3 Rd8 32. Ke2 Rd5 33. Rc3 Rb5 34.
Rc2 Ke8 35. a4 Rb4 36. Rxc6 Rxb2+ 37. Ke3 a5 38. Rxe6 Kd7 39. Ra6 Rb3+ 40. Ke4
Rb4 41. Kd5 Rxa4 42. Ra7+ Ke8 43. Ke6 1-0

[Event "XXXVIII Torneo Internacional de Ajedrez"]
[Site "La Roda (Albacete) - ESPAÑA"]
[Date "2011.04.21"]
[Round "2.5"]
[White "Cruz Lledo, Pablo"]
[Black "Ibarra Jerez, Jose Carlos"]
[Result "1/2-1/2"]
[WhiteElo "2241"]
[BlackElo "2522"]
[PlyCount "124"]
[EventDate "2011.04.20"]

1. d4 Nf6 2. c4 e6 3. Nc3 Bb4 4. Qc2 d5 5. cxd5 Qxd5 6. Nf3 Qf5 7. Qb3 Nc6 8.
g3 O-O 9. Bg2 e5 10. d5 Bxc3+ 11. bxc3 Na5 12. Qa4 b6 13. Ba3 Bd7 14. Qd1 Rfe8
15. Nh4 Qh5 16. e4 Qxd1+ 17. Rxd1 Nc4 18. Bc1 Ba4 19. O-O Bxd1 20. Rxd1 g6 21.
Bg5 Kg7 22. Re1 h6 23. Bc1 c6 24. dxc6 Rac8 25. f4 Rxc6 26. Nf3 Nd7 27. Bh3 Rd6
28. Bf1 Rc8 29. a4 f6 30. h4 Rc5 31. Kh2 Nb8 32. fxe5 fxe5 33. Bxc4 Rxc4 34.
Nxe5 Rxa4 35. Bxh6+ Kh7 36. Bf4 Nc6 37. Nf7 Rd7 38. Ng5+ Kg7 39. e5 Re7 40. e6
Ra5 41. Bd6 Re8 42. e7 Rd5 43. Ne6+ Kf7 44. Ba3 Re5 45. Rxe5 Nxe5 46. Nc7 Nc4
47. Nxe8 Kxe8 48. Bc1 a5 49. g4 a4 50. h5 gxh5 51. gxh5 Kxe7 52. Kg3 a3 53.
Bxa3+ Nxa3 54. h6 Kf6 55. Kf4 Nb5 56. h7 Kg7 57. Ke5 Kxh7 58. c4 Na3 59. Kd5
Kg6 60. Kc6 Nxc4 61. Kb5 Kf5 62. Kxc4 b5+ 1/2-1/2

[Event "XXXVIII Torneo Internacional de Ajedrez"]
[Site "La Roda (Albacete) - ESPAÑA"]
[Date "2011.04.21"]
[Round "2.6"]
[White "Cabrera, Alexis"]
[Black "Garcia Rodriguez, Victor"]
[Result "1-0"]
[WhiteElo "2511"]
[BlackElo "2234"]
[PlyCount "163"]
[EventDate "2011.04.20"]

1. d4 d5 2. c4 c6 3. Nf3 Nf6 4. Nc3 dxc4 5. a4 Be6 6. Ng5 Qd7 7. e4 h6 8. Nxe6
Qxe6 9. e5 Na6 10. Be2 Nd5 11. O-O Rd8 12. Bg4 Qg6 13. e6 Qd3 14. Qe1 Nac7 15.
exf7+ Kxf7 16. Qe5 e6 17. Nxd5 Bd6 18. Nxc7 Bxe5 19. dxe5 Qd4 20. Bxe6+ Kg6 21.
Bh3 Qxe5 22. Ne6 Rd3 23. Nf4+ Kf7 24. Nxd3 cxd3 25. Be3 c5 26. Rac1 b6 27. Rc3
Rd8 28. Rd1 Qe4 29. b3 Qe5 30. Rcc1 Qb2 31. Rb1 Qc2 32. Bg4 Qc3 33. Bf3 d2 34.
Be2 Qc2 35. Kf1 Kf6 36. h4 Rd6 37. Bc4 Ke7 38. Ra1 Kf8 39. Ke2 Qb2 40. a5 b5
41. Bxb5 Qxb3 42. Rab1 Qc2 43. Kf1 Rd8 44. Be2 c4 45. Bxa7 c3 46. Bc5+ Kg8 47.
Ra1 Kh8 48. a6 Qb2 49. a7 c2 50. a8=Q cxd1=Q+ 51. Bxd1 Rxa8 52. Rxa8+ Kh7 53.
Rd8 Qc1 54. Ke2 Qxc5 55. Rxd2 Qc4+ 56. Ke3 Qxh4 57. Bc2+ Kg8 58. g3 Qg5+ 59.
Ke2 Kf8 60. Be4 Ke7 61. Rc2 Qh5+ 62. Ke3 Qg5+ 63. Kf3 Qe5 64. Rc6 g5 65. Ke3 h5
66. f4 gxf4+ 67. gxf4 Qa1 68. f5 h4 69. Kf4 Qf1+ 70. Ke5 Qa1+ 71. Kf4 Qf1+ 72.
Kg5 Qg1+ 73. Kh5 Qd1+ 74. Kh6 Qd4 75. Re6+ Kf7 76. Kg5 h3 77. Bf3 Qg7+ 78. Rg6
Qh8 79. Bd5+ Kf8 80. f6 h2 81. Rh6 h1=Q 82. Rxh1 1-0